[Event "Pinamar ITT Cinco Soles"]
[Site "Pinamar"]
[Date "2008.03.31"]
[Round "7"]
[White "Cubas, Jose Fernando"]
[Black "Barrionuevo, Pablo"]
[Result "0-1"]
[WhiteElo "2451"]
[BlackElo "2373"]
[PlyCount "104"]
[EventDate "2008.03.25"]
[EventType "tourn"]
[EventRounds "9"]
[EventCountry "ARG"]
[EventCategory "4"]
[SourceTitle "CBM 123 Extra"]
[Source "ChessBase"]
[SourceDate "2008.05.06"]
[SourceVersion "1"]
[SourceVersionDate "2008.05.06"]
[SourceQuality "1"]

1. e4 e5 2. d4 exd4 3. Qxd4 Nc6 4. Qe3 Nf6 5. Nc3 Bb4 6. Bd2 O-O 7. O-O-O Re8
8. Qg3 Rxe4 9. a3 Bd6 10. f4 Re8 11. Bd3 Bf8 12. Nf3 d6 13. f5 Ne5 14. Nxe5
Rxe5 15. Qf4 Bd7 16. g4 Bc6 17. Rhf1 Qe8 18. Rde1 Nd7 19. g5 Rxe1+ 20. Rxe1 Ne5
21. Bc4 Qd7 22. Bb3 g6 23. fxg6 hxg6 24. Ne4 Bg7 25. Nf6+ Bxf6 26. gxf6 Qh3 27.
Re3 Qh5 28. Rg3 Re8 29. Kb1 Nf3 30. Ka2 Nxd2 31. Qxd2 Re5 32. Qd3 Rf5 33. Qe3
Rxf6 34. Qe7 Kg7 35. Qxc7 Qxh2 36. Re3 Qf4 37. Rh3 Bg2 38. Rd3 g5 39. Qb8 a5
40. Rc3 a4 41. Rc8 axb3+ 42. cxb3 Kg6 43. Rg8+ Kh5 44. Qc8 g4 45. Qf8 Kh4 46.
Qe7 Kg3 47. Qe1+ Qf2 48. Qc3+ Rf3 49. Qb4 Rf4 50. Qxd6 Qd4 51. Qc7 Bd5 52. Rd8
Qd3 0-1

[Event "Pinamar ITT Cinco Soles"]
[Site "Pinamar"]
[Date "2008.04.01"]
[Round "8"]
[White "Guerrero, Alvaro"]
[Black "Cubas, Jose Fernando"]
[Result "0-1"]
[WhiteElo "2228"]
[BlackElo "2451"]
[PlyCount "64"]
[EventDate "2008.03.25"]
[EventType "tourn"]
[EventRounds "9"]
[EventCountry "ARG"]
[EventCategory "4"]
[SourceTitle "CBM 123 Extra"]
[Source "ChessBase"]
[SourceDate "2008.05.06"]
[SourceVersion "1"]
[SourceVersionDate "2008.05.06"]
[SourceQuality "1"]

1. d4 d5 2. c4 e5 3. cxd5 Qxd5 4. e3 exd4 5. Nc3 Bb4 6. Qxd4 Qxd4 7. exd4 Nc6
8. Be3 Be6 9. a3 Bxc3+ 10. bxc3 O-O-O 11. Nf3 Nf6 12. Be2 Rhe8 13. c4 Bg4 14.
d5 Bxf3 15. gxf3 Ne5 16. Rg1 Ng6 17. Kf1 Nh5 18. Bd3 Kb8 19. Rd1 Rd6 20. Rg5
Nf6 21. Bc5 Rdd8 22. Bd4 c6 23. d6 Rxd6 24. Bxg6 hxg6 25. Bxa7+ Kc7 26. Bb6+
Kd7 27. Rb1 Rd3 28. Be3 Rxa3 29. Rxb7+ Ke6 30. Rc7 Ra6 31. Rc5 Kd6 32. Rxf7
Rxe3 0-1

[Event "Pinamar ITT Cinco Soles"]
[Site "Pinamar"]
[Date "2008.04.02"]
[Round "9"]
[White "Cubas, Jose Fernando"]
[Black "Perdomo, Carlos Andres"]
[Result "1-0"]
[WhiteElo "2451"]
[BlackElo "2351"]
[PlyCount "85"]
[EventDate "2008.03.25"]
[EventType "tourn"]
[EventRounds "9"]
[EventCountry "ARG"]
[EventCategory "4"]
[SourceTitle "CBM 123 Extra"]
[Source "ChessBase"]
[SourceDate "2008.05.06"]
[SourceVersion "1"]
[SourceVersionDate "2008.05.06"]
[SourceQuality "1"]

1. e4 c5 2. Nf3 e6 3. d4 cxd4 4. Nxd4 a6 5. Nc3 Qc7 6. Bd3 Nf6 7. O-O d6 8. a4
Nbd7 9. Kh1 Be7 10. f4 Nc5 11. Qf3 O-O 12. Bd2 Nxd3 13. cxd3 Qc5 14. Be3 Qh5
15. Qg3 Ng4 16. Bg1 e5 17. Nf5 Bxf5 18. exf5 Qxf5 19. Nd5 Bd8 20. Rae1 exf4 21.
Nxf4 Qg5 22. Qf3 Bf6 23. d4 h5 24. h3 Qh6 25. Nd5 Bg5 26. g3 Rab8 27. Re2 Bd8
28. Re8 Nf6 29. Be3 Qh7 30. Rxf8+ Kxf8 31. Bf4 Kg8 32. Bxd6 Rc8 33. Be7 Qh6 34.
Qf5 Ra8 35. Nxf6+ gxf6 36. Bd6 Qg6 37. Qd5 Rc8 38. Qxb7 Qd3 39. Re1 Qf5 40. g4
hxg4 41. Rg1 Qe6 42. Rxg4+ Kh7 43. Rh4+ 1-0

[Event "Mario Covas 8th"]
[Site "Santos"]
[Date "2008.05.17"]
[Round "2"]
[White "Zambrana, Oswaldo"]
[Black "Cubas, Jose Fernando"]
[Result "1/2-1/2"]
[WhiteElo "2479"]
[BlackElo "2430"]
[PlyCount "63"]
[EventDate "2008.05.17"]
[EventType "tourn"]
[EventRounds "9"]
[EventCountry "BRA"]
[EventCategory "9"]
[SourceTitle "CBM 124 Extra"]
[Source "ChessBase"]
[SourceDate "2008.07.03"]
[SourceVersion "1"]
[SourceVersionDate "2008.07.03"]
[SourceQuality "1"]

1. e4 e6 2. d4 d5 3. Nd2 Nf6 4. e5 Nfd7 5. c3 c5 6. Bd3 Nc6 7. Ne2 cxd4 8. cxd4
f6 9. exf6 Nxf6 10. O-O Bd6 11. Nf3 Qc7 12. Bg5 O-O 13. Bh4 Nh5 14. Qc2 h6 15.
Bh7+ Kh8 16. Bg6 Rxf3 17. Bxh5 Rf8 18. Bg3 Bd7 19. Qd2 Rf6 20. Rad1 Raf8 21. b4
Ne7 22. Rc1 Qb6 23. Bxd6 Qxd6 24. Nc3 Nf5 25. a3 Qb6 26. Rcd1 Rc8 27. Bg4 Qa6
28. Bxf5 Rxf5 29. Ra1 Rcf8 30. Qe3 Rf4 31. Ra2 Bb5 32. Nxb5 1/2-1/2

[Event "Mario Covas 8th"]
[Site "Santos"]
[Date "2008.05.17"]
[Round "3"]
[White "Cubas, Jose Fernando"]
[Black "Mekhitarian, Krikor Sevag"]
[Result "1/2-1/2"]
[WhiteElo "2430"]
[BlackElo "2466"]
[PlyCount "152"]
[EventDate "2008.05.17"]
[EventType "tourn"]
[EventRounds "9"]
[EventCountry "BRA"]
[EventCategory "9"]
[SourceTitle "CBM 124 Extra"]
[Source "ChessBase"]
[SourceDate "2008.07.03"]
[SourceVersion "1"]
[SourceVersionDate "2008.07.03"]
[SourceQuality "1"]

1. e4 c5 2. Nf3 d6 3. d4 cxd4 4. Nxd4 Nf6 5. Nc3 Nc6 6. f3 e5 7. Nb3 Be7 8. Be3
O-O 9. Qd2 a5 10. Bb5 Be6 11. Rd1 Na7 12. Be2 Nc6 13. Bb5 Na7 14. Be2 Nc6 15.
a3 a4 16. Nc1 Ra5 17. Bb5 d5 18. exd5 Nxd5 19. Nxd5 Rxb5 20. c4 Ra5 21. Qf2 Nd4
22. Nxe7+ Qxe7 23. Bxd4 exd4 24. O-O Rc5 25. Rxd4 Rxc4 26. Rfd1 Rfc8 27. Ne2
Rxd4 28. Qxd4 Bb3 29. Rd2 h6 30. h3 Qg5 31. Kh2 Re8 32. Nc3 h5 33. h4 Qa5 34.
Qf4 Qe5 35. Qxe5 Rxe5 36. Rd8+ Kh7 37. Rd4 b5 38. Rb4 Bc4 39. Nxa4 bxa4 40.
Rxc4 Re2 41. Rxa4 Rxb2 42. Rb4 Ra2 43. Rb3 Kg6 44. Kg3 f6 45. f4 Kf5 46. Kf3
Ra1 47. Rb5+ Kg6 48. f5+ Kh6 49. Rb3 g6 50. fxg6 Kxg6 51. Ke4 Ra2 52. g3 Ra1
53. Rf3 f5+ 54. Ke5 Rd1 55. Re3 Ra1 56. Kd5 f4 57. Rf3 fxg3 58. Rxg3+ Kf5 59.
Kc5 Rh1 60. Rg5+ Ke4 61. Rxh5 Ra1 62. Kb4 Rb1+ 63. Ka5 Kd4 64. a4 Kc4 65. Ka6
Rf1 66. Rh6 Kb4 67. a5 Rf5 68. Rb6+ Ka4 69. Rg6 Rxa5+ 70. Kb6 Rh5 71. Rg4+ Kb3
72. Kc6 Kc3 73. Kd6 Kd3 74. Ke6 Ke3 75. Kf6 Kf3 76. Ra4 Kg3 1/2-1/2

[Event "Mario Covas 8th"]
[Site "Santos"]
[Date "2008.05.17"]
[Round "4"]
[White "Coelho, Luis Henrique"]
[Black "Cubas, Jose Fernando"]
[Result "1/2-1/2"]
[WhiteElo "2392"]
[BlackElo "2430"]
[PlyCount "118"]
[EventDate "2008.05.17"]
[EventType "tourn"]
[EventRounds "9"]
[EventCountry "BRA"]
[EventCategory "9"]
[SourceTitle "CBM 124 Extra"]
[Source "ChessBase"]
[SourceDate "2008.07.03"]
[SourceVersion "1"]
[SourceVersionDate "2008.07.03"]
[SourceQuality "1"]

1. d4 d5 2. c4 e6 3. Nf3 Nf6 4. g3 Bb4+ 5. Bd2 Be7 6. Bg2 O-O 7. O-O Nbd7 8.
Qc2 c6 9. Bf4 Nh5 10. Bc1 Nhf6 11. Nbd2 b6 12. e4 Ba6 13. b3 Rc8 14. Bb2 Qc7
15. Rfe1 Rfd8 16. Rad1 Nf8 17. Qb1 Bb7 18. e5 Ne8 19. Rc1 c5 20. b4 Qb8 21.
bxc5 bxc5 22. Ba3 dxc4 23. Rxc4 Qa8 24. Ne4 Rc7 25. dxc5 Rdc8 26. Nd4 Bd5 27.
Rc3 Nd7 28. c6 Bxa3 29. Rxa3 Nxe5 30. Ng5 Ng6 31. Bxd5 exd5 32. h4 Nf6 33. Rb3
Ne7 34. Rc1 h6 35. Ngf3 Nxc6 36. Nb5 Rb7 37. Nd6 Rxb3 38. Qxb3 Rd8 39. Nxf7 Rb8
40. Qd3 Kxf7 41. Rxc6 Qb7 42. Kg2 Kg8 43. Nd4 Qf7 44. Qf5 Re8 45. Ra6 Qe7 46.
a4 Qf7 47. Nb5 Ra8 48. Rxf6 gxf6 49. Nd6 Qf8 50. Qxd5+ Kh8 51. Qb7 Rb8 52. Qc7
Rb6 53. Nf5 Ra6 54. a5 h5 55. Ne7 Qa8+ 56. Kh2 Re6 57. Ng6+ Kg8 58. Qc4 Qe4 59.
Qb3 Kg7 1/2-1/2

[Event "Mario Covas 8th"]
[Site "Santos"]
[Date "2008.05.17"]
[Round "5"]
[White "Cubas, Jose Fernando"]
[Black "Leitao, Rafael Duailibe"]
[Result "1/2-1/2"]
[WhiteElo "2430"]
[BlackElo "2604"]
[PlyCount "47"]
[EventDate "2008.05.17"]
[EventType "tourn"]
[EventRounds "9"]
[EventCountry "BRA"]
[EventCategory "9"]
[SourceTitle "CBM 124 Extra"]
[Source "ChessBase"]
[SourceDate "2008.07.03"]
[SourceVersion "1"]
[SourceVersionDate "2008.07.03"]
[SourceQuality "1"]

1. e4 c5 2. Nf3 d6 3. d4 cxd4 4. Nxd4 Nf6 5. Nc3 a6 6. Be3 e6 7. f3 b5 8. g4 h6
9. Qd2 b4 10. Nce2 e5 11. Nb3 a5 12. Ng3 a4 13. Nc1 d5 14. exd5 Qxd5 15. Nd3
Bb7 16. Nxb4 Qxd2+ 17. Bxd2 Bxf3 18. Bb5+ Nbd7 19. Rf1 Bxg4 20. Nf5 Bh3 21. Rf3
Bg4 22. Rf1 Bh3 23. Rf3 Bg4 24. Rf1 1/2-1/2

[Event "Mario Covas 8th"]
[Site "Santos"]
[Date "2008.05.17"]
[Round "6"]
[White "Cubas, Jose Fernando"]
[Black "Milos, Gilberto"]
[Result "1/2-1/2"]
[WhiteElo "2430"]
[BlackElo "2594"]
[PlyCount "160"]
[EventDate "2008.05.17"]
[EventType "tourn"]
[EventRounds "9"]
[EventCountry "BRA"]
[EventCategory "9"]
[SourceTitle "CBM 124 Extra"]
[Source "ChessBase"]
[SourceDate "2008.07.03"]
[SourceVersion "1"]
[SourceVersionDate "2008.07.03"]
[SourceQuality "1"]

1. e4 c5 2. Nf3 d6 3. d4 cxd4 4. Nxd4 Nf6 5. Nc3 Nc6 6. f3 e6 7. Be3 Be7 8. Qd2
O-O 9. O-O-O a6 10. g4 Nd7 11. h4 Nde5 12. Qg2 Nxd4 13. Bxd4 Nc6 14. Be3 b5 15.
g5 Qa5 16. Kb1 b4 17. Ne2 d5 18. h5 dxe4 19. fxe4 Rd8 20. Rxd8+ Qxd8 21. g6
fxg6 22. hxg6 h6 23. Nf4 Ne5 24. Be2 Bg5 25. Qg3 Qe7 26. Nd3 Nxg6 27. Bh5 Bxe3
28. Qxe3 Nh8 29. Rg1 Kh7 30. e5 Bb7 31. Nf4 Rf8 32. Be2 g5 33. Bd3+ Kg8 34. Nh5
Nf7 35. Nf6+ Kg7 36. b3 Qc7 37. Ng4 h5 38. Nf6 Qxe5 39. Nxh5+ Kh8 40. Qh3 Nh6
41. Nf4 Rf6 42. Ng6+ Rxg6 43. Bxg6 Kg7 44. Bd3 g4 45. Qh4 Bf3 46. Qe7+ Nf7 47.
Qxb4 a5 48. Qd2 Ng5 49. Re1 Qc5 50. Qh2 Qd4 51. Re5 Ne4 52. Bxe4 Bxe4 53. Rxe6
Bg6 54. Qc7+ Kh6 55. Qh2+ Kg5 56. Re5+ Bf5 57. Rxa5 Qc3 58. Ra4 Qe3 59. Ra6 Bg6
60. Rd6 g3 61. Rd5+ Kg4 62. Qd2 Qxd2 63. Rxd2 Kf3 64. a4 g2 65. Rxg2 Kxg2 66.
Kb2 Kf3 67. Kc3 Ke4 68. Kc4 Ke5 69. c3 Kd6 70. Kb5 Kc7 71. a5 Be8+ 72. Kc5 Kb7
73. b4 Ka6 74. c4 Bf7 75. Kd4 Be6 76. c5 Kb5 77. Ke5 Kxb4 78. Kxe6 Kxc5 79. a6
Kb6 80. a7 Kxa7 1/2-1/2

[Event "Mario Covas 8th"]
[Site "Santos"]
[Date "2008.05.17"]
[Round "7"]
[White "El Debs, Felipe de Cresce"]
[Black "Cubas, Jose Fernando"]
[Result "1/2-1/2"]
[WhiteElo "2423"]
[BlackElo "2430"]
[PlyCount "30"]
[EventDate "2008.05.17"]
[EventType "tourn"]
[EventRounds "9"]
[EventCountry "BRA"]
[EventCategory "9"]
[SourceTitle "CBM 124 Extra"]
[Source "ChessBase"]
[SourceDate "2008.07.03"]
[SourceVersion "1"]
[SourceVersionDate "2008.07.03"]
[SourceQuality "1"]

1. Nf3 d5 2. d4 Nf6 3. c4 c6 4. e3 e6 5. Nbd2 Nbd7 6. Bd3 Bd6 7. O-O O-O 8. e4
e5 9. cxd5 cxd5 10. exd5 exd4 11. Nxd4 Nb6 12. h3 Nbxd5 13. Ne4 Nxe4 14. Bxe4
Bb8 15. Nf3 Nf6 1/2-1/2

[Event "Mario Covas 8th"]
[Site "Santos"]
[Date "2008.05.17"]
[Round "8"]
[White "Cubas, Jose Fernando"]
[Black "Mareco, Sandro"]
[Result "0-1"]
[WhiteElo "2430"]
[BlackElo "2470"]
[PlyCount "59"]
[EventDate "2008.05.17"]
[EventType "tourn"]
[EventRounds "9"]
[EventCountry "BRA"]
[EventCategory "9"]
[SourceTitle "CBM 124 Extra"]
[Source "ChessBase"]
[SourceDate "2008.07.03"]
[SourceVersion "1"]
[SourceVersionDate "2008.07.03"]
[SourceQuality "1"]

1. e4 e5 2. Nf3 Nc6 3. Bc4 Bc5 4. c3 Nf6 5. d4 exd4 6. cxd4 Bb4+ 7. Bd2 Bxd2+
8. Nbxd2 d5 9. exd5 Nxd5 10. Qb3 Na5 11. Qa4+ Nc6 12. Ne5 O-O 13. Nxc6 Qe8+ 14.
Kf1 Nb6 15. Qb5 bxc6 16. Qc5 Be6 17. b3 Rd8 18. Re1 Nxc4 19. Nxc4 Rd5 20. Qxa7
Qa8 21. Qxa8 Rxa8 22. Ke2 Rxa2+ 23. Kf3 Rb5 24. Rb1 Bf5 25. Rbf1 Rxb3+ 26. Kf4
g6 27. Ne5 c5 28. dxc5 Ra4+ 29. Kg5 Kg7 30. Nd7 0-1

[Event "Mario Covas 8th"]
[Site "Santos"]
[Date "2008.05.17"]
[Round "9"]
[White "Cramling, Dan"]
[Black "Cubas, Jose Fernando"]
[Result "1-0"]
[WhiteElo "2399"]
[BlackElo "2430"]
[PlyCount "91"]
[EventDate "2008.05.17"]
[EventType "tourn"]
[EventRounds "9"]
[EventCountry "BRA"]
[EventCategory "9"]
[SourceTitle "CBM 124 Extra"]
[Source "ChessBase"]
[SourceDate "2008.07.03"]
[SourceVersion "1"]
[SourceVersionDate "2008.07.03"]
[SourceQuality "1"]

1. d4 d5 2. Nf3 Nf6 3. c4 e6 4. Nc3 Be7 5. Bg5 O-O 6. e3 Nbd7 7. Rc1 h6 8. Bh4
a6 9. cxd5 exd5 10. Bd3 b6 11. O-O Bb7 12. Qc2 c5 13. Bf5 c4 14. Ne5 Nxe5 15.
dxe5 Nd7 16. Bxe7 Qxe7 17. f4 f6 18. Rcd1 Rad8 19. Nxd5 Qc5 20. b4 cxb3 21.
Qxb3 Nxe5 22. fxe5 Bxd5 23. Rxd5 Rxd5 24. Be6+ Kh8 25. Bxd5 Rd8 26. exf6 gxf6
27. Bf3 Re8 28. Re1 Kg7 29. h3 b5 30. Kh1 Re5 31. e4 a5 32. Rd1 Re7 33. Rd5
Qc1+ 34. Qd1 Qb2 35. Qd2 Qa1+ 36. Kh2 Re8 37. Rd8 Re7 38. Rd5 Re5 39. Qxa5 Rxd5
40. exd5 Qe5+ 41. g3 Qb2+ 42. Bg2 h5 43. h4 f5 44. Qc7+ Kg6 45. Qd6+ Kg7 46.
Qe7+ 1-0

[Event "ARG-chT"]
[Site "Villa Martelli"]
[Date "2008.09.27"]
[Round "8"]
[White "Cubas, Jose Fernando"]
[Black "Valerga, Diego"]
[Result "0-1"]
[WhiteElo "2428"]
[BlackElo "2502"]
[PlyCount "78"]
[EventDate "2008.08.09"]
[EventType "team-tourn"]
[EventRounds "9"]
[EventCountry "ARG"]
[SourceTitle "EXT 2009"]
[Source "ChessBase"]
[SourceDate "2008.11.26"]
[SourceVersion "1"]
[SourceVersionDate "2008.11.26"]
[SourceQuality "1"]

1. e4 c5 2. Nf3 e6 3. d4 cxd4 4. Nxd4 Nf6 5. Nc3 d6 6. f3 a6 7. Be3 b5 8. g4 b4
9. Nce2 e5 10. Nf5 g6 11. Nfg3 h6 12. c4 Be6 13. b3 Nc6 14. Bg2 Be7 15. O-O h5
16. g5 h4 17. gxf6 Bxf6 18. Qd2 hxg3 19. hxg3 Qd7 20. Rfd1 Be7 21. Nc1 a5 22.
Nd3 Rd8 23. Nb2 f5 24. Na4 Bf6 25. Nb6 Qf7 26. Nd5 Bxd5 27. Qxd5 Nd4 28. Qxa5
Ne2+ 29. Kf2 Nxg3 30. Bb6 Rd7 31. c5 Nxe4+ 32. fxe4 fxe4 33. c6 Rc7 34. Kg1 Qh7
35. Bxc7 Qh2+ 36. Kf1 Qf4+ 37. Kg1 Qe3+ 38. Kf1 O-O 39. Qd5+ Kg7 0-1

[Event "Buenos Aires"]
[Site "Buenos Aires"]
[Date "2008.09.28"]
[Round "1"]
[White "Guerrero, Alvaro"]
[Black "Cubas, Jose Fernando"]
[Result "0-1"]
[WhiteElo "2153"]
[BlackElo "2433"]
[PlyCount "72"]
[EventDate "2008.09.28"]
[EventType "tourn"]
[EventRounds "9"]
[EventCountry "ARG"]
[EventCategory "3"]
[SourceTitle "EXT 2011"]
[Source "ChessBase"]
[SourceDate "2010.11.26"]
[SourceVersion "1"]
[SourceVersionDate "2010.11.26"]
[SourceQuality "1"]

1. d4 d5 2. c4 e6 3. Nc3 Nf6 4. Bg5 c6 5. e3 Nbd7 6. cxd5 exd5 7. Bd3 Be7 8.
Nge2 O-O 9. O-O Re8 10. f3 Nf8 11. Bh4 Be6 12. Bf2 c5 13. Rc1 a6 14. Qd2 Qd7
15. Kh1 Rac8 16. Rfd1 Red8 17. Qe1 Qe8 18. Ng3 cxd4 19. exd4 Qd7 20. Qd2 Bd6
21. Nce2 Bb8 22. Be3 Ne8 23. b3 Bd6 24. Rxc8 Rxc8 25. Rc1 Ba3 26. Rxc8 Qxc8 27.
Qc3 Qxc3 28. Nxc3 Nd6 29. Bf4 Nc8 30. Nf5 Nd7 31. Ne3 Ndb6 32. Nc2 Be7 33. a4
Na7 34. b4 Nc6 35. b5 axb5 36. Bxb5 Na5 0-1

[Event "Buenos Aires"]
[Site "Buenos Aires"]
[Date "2008.09.28"]
[Round "2"]
[White "Cubas, Jose Fernando"]
[Black "Blit, Jacques"]
[Result "1-0"]
[WhiteElo "2433"]
[BlackElo "2322"]
[PlyCount "93"]
[EventDate "2008.09.28"]
[EventType "tourn"]
[EventRounds "9"]
[EventCountry "ARG"]
[EventCategory "3"]
[SourceTitle "EXT 2011"]
[Source "ChessBase"]
[SourceDate "2010.11.26"]
[SourceVersion "1"]
[SourceVersionDate "2010.11.26"]
[SourceQuality "1"]

1. e4 c5 2. Nf3 Nc6 3. d4 cxd4 4. Nxd4 g6 5. c4 Nf6 6. Nc3 d6 7. f3 Bg7 8. Be3
O-O 9. Qd2 Nxd4 10. Bxd4 Qa5 11. Rc1 Be6 12. b3 Rfc8 13. Be3 Nd7 14. Be2 a6 15.
Na4 Qc7 16. O-O Nc5 17. Nc3 Qa5 18. Rc2 b5 19. Nd5 Qxd2 20. Bxd2 Bxd5 21. cxd5
Bd4+ 22. Kh1 Rcb8 23. Rb1 e5 24. dxe6 fxe6 25. Ba5 Nb7 26. Bd2 e5 27. b4 Rc8
28. Rbc1 Rxc2 29. Rxc2 Nd8 30. Bd1 Bb6 31. h4 Kf7 32. Rc1 Ke7 33. Bg5+ Kd7 34.
f4 exf4 35. Bg4+ Ne6 36. Bxf4 Ke7 37. Bxe6 Kxe6 38. Rc6 Rf8 39. g3 Rb8 40.
Rxd6+ Ke7 41. Rxg6 hxg6 42. Bxb8 Bf2 43. Bf4 Ke6 44. Kg2 Be1 45. a3 Bc3 46. Bc1
Ke5 47. Kf3 1-0

[Event "Buenos Aires"]
[Site "Buenos Aires"]
[Date "2008.09.29"]
[Round "3"]
[White "Goldwaser, Christian"]
[Black "Cubas, Jose Fernando"]
[Result "0-1"]
[WhiteElo "2396"]
[BlackElo "2433"]
[PlyCount "116"]
[EventDate "2008.09.28"]
[EventType "tourn"]
[EventRounds "9"]
[EventCountry "ARG"]
[EventCategory "3"]
[SourceTitle "EXT 2011"]
[Source "ChessBase"]
[SourceDate "2010.11.26"]
[SourceVersion "1"]
[SourceVersionDate "2010.11.26"]
[SourceQuality "1"]

1. Nf3 d5 2. d4 Nf6 3. c4 c6 4. Nc3 dxc4 5. a4 Bg4 6. Ne5 Bh5 7. g3 a5 8. Bg2
e6 9. O-O Na6 10. Nxc4 Nb4 11. b3 Be7 12. Bb2 O-O 13. Qd2 Nd7 14. e4 e5 15. Na2
exd4 16. Nxb4 Bxb4 17. Qxd4 f6 18. Bc3 Nc5 19. Qe3 Qd3 20. Bxb4 Qxe3 21. fxe3
axb4 22. Rf5 Nxb3 23. Rb1 Bf7 24. Rxb3 Rxa4 25. Rc5 b5 26. Nd2 Bxb3 27. Nxb3
Ra3 28. Bh3 Re8 29. Bd7 Rxb3 30. Bxe8 Rc3 31. Rxc6 Kf8 32. Re6 b3 33. Bh5 Rc8
34. Rb6 b2 35. Rxb5 Rc1+ 36. Kf2 b1=Q 37. Rxb1 Rxb1 38. Be2 Rb2 39. Kf3 Ke7 40.
h4 h5 41. Bd3 g5 42. hxg5 fxg5 43. e5 Ke6 44. Bg6 h4 45. gxh4 gxh4 46. Bd3 Rb4
47. Bf1 Kxe5 48. Bh3 Kf6 49. Bc8 Rb8 50. Bh3 Ke5 51. Kg4 Rh8 52. Bg2 Rh7 53.
Kh3 Kf5 54. Bf3 Kg5 55. Bg2 Ra7 56. Bd5 Ra3 57. Kh2 Rxe3 58. Bc6 h3 0-1

[Event "Buenos Aires"]
[Site "Buenos Aires"]
[Date "2008.09.30"]
[Round "4"]
[White "Cubas, Jose Fernando"]
[Black "Pedro, Fernando Pablo"]
[Result "1-0"]
[WhiteElo "2433"]
[BlackElo "2187"]
[PlyCount "61"]
[EventDate "2008.09.28"]
[EventType "tourn"]
[EventRounds "9"]
[EventCountry "ARG"]
[EventCategory "3"]
[SourceTitle "EXT 2011"]
[Source "ChessBase"]
[SourceDate "2010.11.26"]
[SourceVersion "1"]
[SourceVersionDate "2010.11.26"]
[SourceQuality "1"]

1. e4 c6 2. d4 d5 3. e5 Bf5 4. Nd2 Nd7 5. Ngf3 e6 6. Nb3 Bg6 7. Be2 f6 8. O-O
Bf7 9. c4 Ne7 10. Bd2 Qc7 11. Re1 dxc4 12. Bxc4 b5 13. Bd3 Nd5 14. Rc1 a6 15.
Ba5 Qb7 16. exf6 N7xf6 17. Ng5 Nf4 18. Qf3 Bd6 19. Nc5 Bxc5 20. Qxf4 Be7 21.
Nxe6 Bxe6 22. Rxe6 O-O 23. Rexc6 Rae8 24. Qc7 Qxc7 25. Bxc7 Nd5 26. Ba5 Bb4 27.
Rxa6 Nf4 28. Bxb5 Ne2+ 29. Bxe2 Rxe2 30. Bxb4 Rfxf2 31. Ra8+ 1-0

[Event "Buenos Aires"]
[Site "Buenos Aires"]
[Date "2008.10.01"]
[Round "5"]
[White "Perez Ponsa, Federico"]
[Black "Cubas, Jose Fernando"]
[Result "1-0"]
[WhiteElo "2363"]
[BlackElo "2433"]
[PlyCount "91"]
[EventDate "2008.09.28"]
[EventType "tourn"]
[EventRounds "9"]
[EventCountry "ARG"]
[EventCategory "3"]
[SourceTitle "EXT 2011"]
[Source "ChessBase"]
[SourceDate "2010.11.26"]
[SourceVersion "1"]
[SourceVersionDate "2010.11.26"]
[SourceQuality "1"]

1. e4 e6 2. d4 d5 3. Nc3 Bb4 4. e5 Ne7 5. a3 Bxc3+ 6. bxc3 b6 7. Qg4 Ng6 8. h4
h5 9. Qg3 Ba6 10. Bd3 Bxd3 11. cxd3 c5 12. Bg5 Qd7 13. dxc5 bxc5 14. Ne2 Nc6
15. d4 cxd4 16. cxd4 Rb8 17. O-O Nce7 18. Rab1 Rxb1 19. Rxb1 O-O 20. Qf3 Nf5
21. g3 Qa4 22. Qd3 Rc8 23. Rb4 Qc6 24. Rb2 Qc4 25. Qd2 Qa4 26. Qd3 Qc4 27. Qd2
Qa6 28. Rb3 Nf8 29. Nf4 Nxd4 30. Qxd4 Rc1+ 31. Kg2 Qf1+ 32. Kf3 Qh1+ 33. Ke3
Rc4 34. Qd3 Nd7 35. Rb1 Re4+ 36. Kd2 Qh2 37. Qf3 Rd4+ 38. Ke2 Re4+ 39. Kf1 f6
40. Rb7 Nxe5 41. Rb8+ Kf7 42. Qxh5+ Ke7 43. Qe8+ Kd6 44. Qxe6+ Kc7 45. Rc8+ Kb7
46. Qxd5+ 1-0

[Event "Buenos Aires"]
[Site "Buenos Aires"]
[Date "2008.10.02"]
[Round "6"]
[White "Oddone, Cristhian"]
[Black "Cubas, Jose Fernando"]
[Result "1/2-1/2"]
[WhiteElo "2246"]
[BlackElo "2433"]
[PlyCount "130"]
[EventDate "2008.09.28"]
[EventType "tourn"]
[EventRounds "9"]
[EventCountry "ARG"]
[EventCategory "3"]
[SourceTitle "EXT 2011"]
[Source "ChessBase"]
[SourceDate "2010.11.26"]
[SourceVersion "1"]
[SourceVersionDate "2010.11.26"]
[SourceQuality "1"]

1. e4 c5 2. Nf3 Nc6 3. d3 e6 4. g3 g6 5. Bg2 Bg7 6. Nbd2 d5 7. O-O b6 8. Re1
Nge7 9. c3 a5 10. a4 O-O 11. exd5 exd5 12. Nb3 h6 13. d4 c4 14. Nbd2 Bf5 15. b3
cxb3 16. Qxb3 Rb8 17. Bf1 Be6 18. Ba3 Qc7 19. Nh4 Rfd8 20. Bd3 Qd7 21. Bb5 Bf6
22. Ng2 Nf5 23. Nf3 Nd6 24. Nf4 Nxb5 25. Qxb5 Bg4 26. Re3 g5 27. Ng2 Re8 28.
Nd2 Re6 29. Rae1 Rb7 30. f3 Rxe3 31. Nxe3 Be6 32. g4 Na7 33. Qxd7 Rxd7 34. Rb1
Rc7 35. Rb3 Kg7 36. Bb2 b5 37. axb5 Rb7 38. b6 Nc8 39. c4 a4 40. Rb4 a3 41.
Bxa3 Bxd4 42. Bb2 Bxb2 43. Rxb2 Rxb6 44. Rxb6 Nxb6 45. cxd5 Bxd5 46. Nxd5 Nxd5
47. Kf2 Kf6 48. Kg3 Nc3 49. Nc4 Ke6 50. h4 f6 51. Ne3 Ne2+ 52. Kf2 Nd4 53. Ng2
Ke5 54. Ke3 Nc2+ 55. Kd2 Nb4 56. hxg5 hxg5 57. Ke3 Nd5+ 58. Kf2 Kd4 59. Kg3 Kd3
60. f4 Ke2 61. fxg5 fxg5 62. Nh4 gxh4+ 63. Kxh4 Kf3 64. Kg5 Ne3 65. Kf6 Nxg4+
1/2-1/2

[Event "Buenos Aires"]
[Site "Buenos Aires"]
[Date "2008.10.03"]
[Round "7"]
[White "Cubas, Jose Fernando"]
[Black "Diaz Hollemaert, Nahuel Carlos"]
[Result "1-0"]
[WhiteElo "2433"]
[BlackElo "2442"]
[PlyCount "99"]
[EventDate "2008.09.28"]
[EventType "tourn"]
[EventRounds "9"]
[EventCountry "ARG"]
[EventCategory "3"]
[SourceTitle "EXT 2011"]
[Source "ChessBase"]
[SourceDate "2010.11.26"]
[SourceVersion "1"]
[SourceVersionDate "2010.11.26"]
[SourceQuality "1"]

1. e4 e5 2. Nf3 Nc6 3. Bc4 Nf6 4. d3 Be7 5. O-O d6 6. a4 O-O 7. Re1 Be6 8. Nbd2
Qd7 9. c3 Rae8 10. a5 Bd8 11. Bb5 a6 12. Ba4 Qc8 13. Nf1 Bd7 14. Ng3 Kh8 15.
Bd2 Ng8 16. d4 b5 17. axb6 cxb6 18. d5 Nb8 19. Bxd7 Qxd7 20. Qe2 g6 21. c4 f5
22. Bc3 f4 23. Nf1 g5 24. h3 h5 25. N3h2 Nf6 26. f3 Rg8 27. b4 b5 28. c5 g4 29.
fxg4 hxg4 30. hxg4 Qc8 31. Qf2 Nbd7 32. Ra3 dxc5 33. Bb2 cxb4 34. Rh3+ Kg7 35.
Qh4 Kf7 36. Rc1 Qb8 37. Rc6 Rh8 38. Qe1 Bb6+ 39. Kh1 Rxh3 40. gxh3 Rc8 41. Nf3
Qb7 42. Qc1 Rxc6 43. dxc6 Qa8 44. Bxe5 Nxe5 45. Nxe5+ Ke6 46. Qxf4 Bd4 47. Qf5+
Ke7 48. c7 Nxe4 49. c8=N+ Kd8 50. Qd7# 1-0